000 00496cam a2200157 4500500
005 20251012032511.0
041 _afre
042 _adc
100 1 0 _aRamón Jiménez, Juan
_eauthor
700 1 0 _a Sesé, Bernard
_eauthor
245 0 0 _aUn ojo no visto del mundo / Un æil non vu du monde
260 _c2002.
500 _a28
786 0 _nSigila | 9 | 1 | 2002-06-20 | p. 192-193 | 1286-1715
856 4 1 _uhttps://shs.cairn.info/revue-sigila-2002-1-page-192?lang=fr&redirect-ssocas=7080
999 _c1547459
_d1547459